000 00846nam a2200241Ia 4500
003 OSt
005 20220923214448.0
006 a|||||r|||| 00| 0
007 ta
008 220922b |||||||| |||| 00| 0 hin d
024 _a169,705
037 _cTextual
040 _aARTS
_cARTS
_bhin
041 _2hin
_ahin
082 _aO152,3M901:g, J5
100 _aमिश्र, रामदरश
_9156318
245 0 _aवृन्दावनलाल वर्मा
_b ऐतिहासिक उपन्यासों की समीक्षा
246 _aVṛundāvanalāl varmā: aitihāsik upanyāsoan kī samīkṣhā
260 _c1955
650 _aहिन्दी साहित्य
_9156264
942 _hO152,3M901:g, J5
_cTEXL
_2CC
999 _c324125
_d324125